| 000 | 00486nam a2200193Ia 4500 | ||
|---|---|---|---|
| 003 | OSt | ||
| 005 | 20251119163957.0 | ||
| 008 | 210210b xxu||||| |||| 00| 0 eng d | ||
| 040 | _cAL | ||
| 041 | _aKannada | ||
| 082 | _a851/277 | ||
| 100 |
_aPUTTAPPA (KV) _988702 _d ಪುಟ್ಟಪ್ಪ (ಕೆವಿ) |
||
| 245 |
_aHaluru _bಹಾಳೂರು |
||
| 260 |
_aBengaluru _b- |
||
| 650 |
_aKUVEMPU _9246423 |
||
| 690 |
_aKannada Poetry _988703 |
||
| 906 | _a018295 | ||
| 942 |
_2ddc _cBK |
||
| 999 |
_c141420 _d141420 |
||